| 000 | 00704nam a2200229 a 4500 | ||
|---|---|---|---|
| 005 | 20240806063943.0 | ||
| 008 | 160530s2013 mx r 000 0 spa d | ||
| 020 | _a9786074952865 | ||
| 035 | _aUPN01000210764 | ||
| 049 | _aCG | ||
| 050 | 4 |
_aPQ7298.23 O7.35 _bA4.8 |
|
| 100 | 1 |
_aMoreno, Mauricia, _d1924- _939256 |
|
| 245 | 1 | 0 |
_aAluvión de la memoria : _baglaura, la tahona, noche fuera de casa / _cMauricia Moreno. |
| 260 |
_aMéxico : _bFOEM, _c2013. |
||
| 300 |
_a286 p. + _e1 CD-ROM ; 4 3/4 plgs. |
||
| 440 | 0 |
_aLetras. _pSumma de días |
|
| 650 | 4 |
_aNovela mexicana _94557 |
|
| 650 | 4 |
_aCuentos mexicanos _96937 |
|
| 650 | 4 |
_aLiteratura mexicana _94466 |
|
| 905 | _aLibro | ||
| 999 |
_c182865 _d182865 |
||